LEADER 01213nam a2200289 i 4500 001 000000121952 003 CaOOAMICUS 005 20040127000000.0 008 040127s2003 it u000 u ita u 013 $a94647 020 $a88-10-50187-X 040 $aSeMil$bita 100 1 $aBorsato, Battista <1938->.$0(OLS)http://semarc/name/31629 245 10$aQuale Gesł? :$bla sua avventura e le sue scelte /$cBattista Borsato ; postfazione di Carlo Molari. 260 $aBologna :$bEDB,$ccopyr. 2003. 300 $a152 p. ;$c19 cm. 490 0 $aCammini di Chiesa ;$v36 500 $aContiene : Bibliografia. 650 4$aGesł Cristo - Gesł storico.$0(OLS)http://semarc/subject/742 700 1 $aMolari, Carlo,$d<1928- >.$0(OLS)http://semarc/name/2621 830 0$aCammini di Chiesa ;$v36.$0(OLS)http://semarc/title/9951 850 $aSeMil 852 $aSeMil$W1$xVenegono$y1$m2Y I 79$j76990$B76990$CSeMilBibl$Z2$F78840 $81 961 $aRecupero: Seminario di Seveso 996 $6020$a88-10-50187-X$9(OLS)http://semarc/number/107598 996 $6245$aQuale Gesł? :$bla sua avventura e le sue scelte$9(OLS)http://semarc/title/179663 996 $6260$aBologna :$bEDB$9(OLS)http://semarc/publisher/29669 LEADER 00952nam a2200217 i 4500 001 000000004360 003 CaOOAMICUS 005 20180830125436.0 008 180830s1895 it u000 u ita u 040 $aSeMil$bita 100 1 $aChaignon, Pierre.$0(OLS)http://semarc/name/89283 245 13$aIl prete santificato dalla pratica dell'orazione, ossia Corso di meditazioni per sacerdoti /$cdel r. p. Chaignon. 250 $a3. Ed. italiana riveduta. 260 $aVenezia :$bTipografia Emiliana,$c1895. 300 $a3 v. ;$c21 cm. 650 4$aMeditazioni per sacerdoti - Opere anteriori al 1900.$0(OLS)http://semarc/subject/3603 774 0 $tVol. 1.$g1$w()128932 774 0 $tVol. 2.$g2$w()255114 774 0 $tVol. 3.$g3$w()255115 996 $6245$aIl prete santificato dalla pratica dell'orazione, ossia Corso di meditazioni per sacerdoti$9(OLS)http://semarc/title/400450 996 $6260$aVenezia :$bTipografia Emiliana$9(OLS)http://semarc/publisher/31319